Against the grain / (Record no. 10517)

000 -LEADER
fixed length control field 00477nam a22001935i 4500
003 - CONTROL NUMBER IDENTIFIER
control field OSt
005 - DATE AND TIME OF LATEST TRANSACTION
control field 20220330132846.0
008 - FIXED-LENGTH DATA ELEMENTS--GENERAL INFORMATION
fixed length control field 160520s2016 ctu 000 0 eng
010 ## - LIBRARY OF CONGRESS CONTROL NUMBER
LC control number 2016942285
020 ## - INTERNATIONAL STANDARD BOOK NUMBER
International Standard Book Number 9781945150081 (soft cover)
040 ## - CATALOGING SOURCE
Original cataloging agency DLC
Language of cataloging eng
Description conventions rda
Transcribing agency DLC
042 ## - AUTHENTICATION CODE
Authentication code pcc
082 ## - DEWEY DECIMAL CLASSIFICATION NUMBER
Classification number 729.0973
245 00 - TITLE STATEMENT
Title Against the grain /
Statement of responsibility, etc [edited by] Jackie Kow, Nina Rappaport.
250 ## - EDITION STATEMENT
Edition statement 1st edition.
263 ## - PROJECTED PUBLICATION DATE
Projected publication date 1608
300 ## - PHYSICAL DESCRIPTION
Extent pages cm
942 ## - ADDED ENTRY ELEMENTS (KOHA)
Source of classification or shelving scheme
Holdings
Withdrawn status Lost status Source of classification or shelving scheme Damaged status Koha normalized classification for sorting Not for loan Permanent location Current location Date acquired Source of acquisition Cost, normal purchase price Full call number Barcode Date last seen Cost, replacement price Price effective from Koha item type
        729_097300000000000   BMS College of Architecture, Design and Planning BMS College of Architecture, Design and Planning 2022-03-28 6 1928.15 729.0973 AR-UG2607 2022-03-30 2754.50 2022-03-30 UG Books
Copyright © 2025, The Librarian, Library and Information Centre, BMSCA D&P, Bengaluru. All Rights Reserved
web counter

Powered by Koha